<?xml version="1.0" encoding="UTF-8"?><?xml-stylesheet type="text/xsl" href="static/style.xsl"?><OAI-PMH xmlns="http://www.openarchives.org/OAI/2.0/" xmlns:xsi="http://www.w3.org/2001/XMLSchema-instance" xsi:schemaLocation="http://www.openarchives.org/OAI/2.0/ http://www.openarchives.org/OAI/2.0/OAI-PMH.xsd"><responseDate>2026-04-17T03:06:58Z</responseDate><request verb="GetRecord" identifier="oai:www.recercat.cat:2445/161103" metadataPrefix="marc">https://recercat.cat/oai/request</request><GetRecord><record><header><identifier>oai:recercat.cat:2445/161103</identifier><datestamp>2025-12-04T20:40:06Z</datestamp><setSpec>com_2072_1057</setSpec><setSpec>col_2072_478800</setSpec><setSpec>col_2072_478917</setSpec></header><metadata><record xmlns="http://www.loc.gov/MARC21/slim" xmlns:dcterms="http://purl.org/dc/terms/" xmlns:xsi="http://www.w3.org/2001/XMLSchema-instance" xmlns:doc="http://www.lyncode.com/xoai" xsi:schemaLocation="http://www.loc.gov/MARC21/slim http://www.loc.gov/standards/marcxml/schema/MARC21slim.xsd">
   <leader>00925njm 22002777a 4500</leader>
   <datafield ind2=" " ind1=" " tag="042">
      <subfield code="a">dc</subfield>
   </datafield>
   <datafield ind2=" " ind1=" " tag="720">
      <subfield code="a">Ripoll Trujillo, Noelia</subfield>
      <subfield code="e">author</subfield>
   </datafield>
   <datafield ind2=" " ind1=" " tag="720">
      <subfield code="a">Martínez Sánchez, Lidia</subfield>
      <subfield code="e">author</subfield>
   </datafield>
   <datafield ind2=" " ind1=" " tag="720">
      <subfield code="a">Habimana Jordana, Anna</subfield>
      <subfield code="e">author</subfield>
   </datafield>
   <datafield ind2=" " ind1=" " tag="720">
      <subfield code="a">Trenchs Sainz de la Maza, Victoria</subfield>
      <subfield code="e">author</subfield>
   </datafield>
   <datafield ind2=" " ind1=" " tag="720">
      <subfield code="a">Vila Miravet, Víctor</subfield>
      <subfield code="e">author</subfield>
   </datafield>
   <datafield ind2=" " ind1=" " tag="720">
      <subfield code="a">Luaces Cubells, Carles</subfield>
      <subfield code="e">author</subfield>
   </datafield>
   <datafield ind2=" " ind1=" " tag="260">
      <subfield code="c">2020-05-18T21:14:31Z</subfield>
   </datafield>
   <datafield ind2=" " ind1=" " tag="260">
      <subfield code="c">2020-05-18T21:14:31Z</subfield>
   </datafield>
   <datafield ind2=" " ind1=" " tag="260">
      <subfield code="c">2018-04-14</subfield>
   </datafield>
   <datafield ind2=" " ind1=" " tag="260">
      <subfield code="c">2020-05-18T21:14:31Z</subfield>
   </datafield>
   <datafield ind2=" " ind1=" " tag="520">
      <subfield code="a">Introducción: La ingesta de cáusticos es la causa más frecuente de consulta tras el contacto con un producto doméstico. Un grupo de pacientes podría considerarse de bajo riesgo y no recibir corticoides parenterales ni realizársele endoscopia, procedimiento considerado terapéuticamente agresivo, sobre todo en la edad pediátrica. Objetivo: Evaluar la seguridad y el beneficio de un protocolo menos agresivo en los pacientes definidos de bajo riesgo. Material y métodos: Estudio analítico-observacional de los pacientes que consultaron por ingesta de cáustico entre enero de 2011 y diciembre de 2015. Se diferenciaron 2 periodos según el protocolo vigente. Periodo-1: protocolo habitual (incluido ingreso y administración de corticoide-antibiótico parenteral) y periodo-2: protocolo menos agresivo en los pacientes de bajo riesgo (prueba de tolerancia oral tras 6 h y alta hospitalaria si persistían asintomáticos). Se consideraron de bajo riesgo si se cumplían todos los criterios: ingesta involuntaria, ausencia de síntomas y lesiones orales. En el resto de pacientes se mantuvo el protocolo habitual. Se consideró como complicación el reingreso con diagnóstico de lesiones digestivas. Resultados: Se incluyeron 48 pacientes en el periodo 1 y 35 en el periodo 2. En el periodo 2 cumplían criterios de bajo riesgo 13 pacientes. La adherencia al protocolo menos agresivo fue del 100%. Ningún paciente de bajo riesgo precisó ingreso tras el alta ni realización de endoscopia. En el periodo 1 la adherencia al protocolo habitual fue del 60,4%. Seis pacientes se habrían beneficiado de la aplicación del protocolo menos agresivo. Conclusiones: Adoptar una actitud más conservadora en los pacientes de bajo riesgo es seguro. Estos pacientes se benefician de la realización de una observación clínica, obviando medidas más agresivas con posibles efectos iatrogénicos secundarios.</subfield>
   </datafield>
   <datafield tag="653" ind2=" " ind1=" ">
      <subfield code="a">Intoxicació alimentària</subfield>
   </datafield>
   <datafield tag="653" ind2=" " ind1=" ">
      <subfield code="a">Hidròxid de sodi</subfield>
   </datafield>
   <datafield tag="653" ind2=" " ind1=" ">
      <subfield code="a">Corticosteroides</subfield>
   </datafield>
   <datafield tag="653" ind2=" " ind1=" ">
      <subfield code="a">Malalties de l'esòfag</subfield>
   </datafield>
   <datafield tag="653" ind2=" " ind1=" ">
      <subfield code="a">Pediatria</subfield>
   </datafield>
   <datafield tag="653" ind2=" " ind1=" ">
      <subfield code="a">Food poisoning</subfield>
   </datafield>
   <datafield tag="653" ind2=" " ind1=" ">
      <subfield code="a">Sodium hydroxide</subfield>
   </datafield>
   <datafield tag="653" ind2=" " ind1=" ">
      <subfield code="a">Adrenocortical hormones</subfield>
   </datafield>
   <datafield tag="653" ind2=" " ind1=" ">
      <subfield code="a">Esophagus diseases</subfield>
   </datafield>
   <datafield tag="653" ind2=" " ind1=" ">
      <subfield code="a">Pediatrics</subfield>
   </datafield>
   <datafield ind2="0" ind1="0" tag="245">
      <subfield code="a">Ingesta de Cáusticos: análisis de la seguridad y beneficio de un protocolo menos agresivo</subfield>
   </datafield>
</record></metadata></record></GetRecord></OAI-PMH>